000 00543nam a2200193Ia 4500
999 _c7918
_d7918
003 OSt
005 20210701111009.0
008 151021s9999 xx 000 0 und d
020 _a321477898
040 _aMMU
_beng
_cMMU
_dMMU
050 _aQA 76.9 .A25 R48 2007
100 _aRice David
245 _aGreekonomics The Real cost of insecure Software /
_cDavid Rice.
260 _aNew York :
_bPearson Education,
_c 1999.
300 _axx,362 p. :
500 _aIncludes index
650 _a_Computer Security
942 _2lcc
_cLOAN LOAN